| 000 | 00789nam a22002057a 4500 | ||
|---|---|---|---|
| 999 |
_c17715 _d17715 |
||
| 003 | AR-CdUCM | ||
| 008 | 190509b ||||| |||| 00| 0 spa d | ||
| 040 |
_aMUNICIPALIDAD PROVINCIAL DEL CUSCO _cBIBLIOTECA MUNICIPAL DEL CUSCO |
||
| 082 |
_a923.74 / _bF38 |
||
| 100 |
_aFerrer de M., Gabriel _937861 |
||
| 245 | _aVida de Francisco I. Madero / | ||
| 260 |
_aMéxico : _bSecretaría de Educación Pública, _c1945. |
||
| 300 |
_a342 paginas ; _c20 cm. |
||
| 505 | _aContenido :Los desiertos del norte --Estudiante peregrino --Un benefactor --Político civilizado --Vocación decidida --Ideario --El apostolado de la libertad ... | ||
| 650 |
_aBiografias _9148 |
||
| 650 |
_aPresidentes mexicanos _937862 |
||
| 650 |
_aMadero _937863 |
||
| 942 |
_2ddc _cLIBROS |
||
| 945 |
_arjall _d2019-05-09 |
||